| 000 | 00402nam a2200157Ia 4500 | ||
|---|---|---|---|
| 008 | 151213s9999 xx 000 0 und d | ||
| 100 | _aJesemy Harmer | ||
| 245 |
_aThe Principles of English Language Teaching _cJesemy Harmer |
||
| 250 | _a3rd | ||
| 260 |
_aEngland _bLongman _c2003 |
||
| 300 | _a4214 p. | ||
| 650 | _aEnglish | ||
| 650 | _aEnglish Language | ||
| 700 | _aJesemy Harmer | ||
| 999 |
_c2638 _d2638 |
||